Gaming Quiz

Random Gaming or Video Games Quiz

Grand Theft Auto: All characters Quiz Stats

 Plays Quiz not verified by Sporcle

Challenge
Share
Tweet
Embed
Score 0/182 Timer 10:00
0 Plays Today
GTA character % Correct
Grand Theft Auto: San AndreasCarl Johnson
85.1%
Grand Theft Auto IVNiko Bellic
73.2%
Grand Theft Auto: Vice CityTommy Vercetti
71.7%
Grand Theft Auto: San AndreasBig Smoke
70.2%
Grand Theft Auto: San AndreasSweet Johnson
66.1%
Grand Theft Auto IVRoman Bellic
65.4%
Grand Theft Auto: The Ballad of Gay TonyTony Prince
63.9%
Grand Theft Auto: Liberty City StoriesMa Cipriani
63.6%
Grand Theft Auto 2Claude Speed
62.3%
Grand Theft Auto: Vice CityKen Rosenberg
61.9%
Grand Theft Auto: San AndreasRyder
60.6%
Grand Theft Auto: Vice CityLance Vance
58.1%
Grand Theft Auto: San AndreasFrank Tenpenny
50.7%
Grand Theft Auto IIISalvatore Leone
48.8%
Grand Theft Auto IIICatalina
47%
Grand Theft Auto: Vice CityVictor Vance
44.9%
Grand Theft Auto: San AndreasKendl Johnson
44.2%
Grand Theft Auto: LondonJohnny Hawtorn
43.5%
Grand Theft Auto IIIAntonio Cipriani
42%
Grand Theft Auto IIIJoey Leone
41.8%
Grand Theft Auto: Vice CitySonny Forelli
40.7%
Grand Theft Auto: The Ballad of Gay TonyLuis Fernando López
39.8%
Grand Theft Auto: San AndreasCesar Vialpando
39.4%
Grand Theft Auto: Vice CityKent Paul
39.3%
Grand Theft Auto IVPatrick McReary
36.8%
Grand Theft Auto IIIDonald Love
36.1%
Grand Theft Auto: Vice CityPhil Cassidy
35.8%
Grand Theft Auto III8 Ball
34%
Grand Theft Auto IVKate McReary
33.5%
Grand Theft Auto IIIMaria Latore
33.1%
Grand Theft Auto: Vice CityRicardo Diaz
33.1%
Grand Theft Auto: San AndreasThe Truth
32.7%
Grand Theft Auto IVBrucie Kibbutz
32.3%
Grand Theft Auto: San AndreasOG Loc
31.4%
Grand Theft Auto: San AndreasWu Zi Mu
31.3%
Grand Theft Auto IVLittle Jacob
30.7%
Grand Theft Auto IIIRay Machowski
30.5%
Grand Theft Auto: San AndreasEddie Pulaski
30.4%
Grand Theft Auto IVFrancis McReary
30.1%
Grand Theft Auto IIILuigi Goterelli
29.6%
Grand Theft Auto: The Lost and DamnedJim Fitzgerald
29.4%
Grand Theft Auto IVDimitri Rascalov
29.3%
Grand Theft Auto IVDerrick McReary
29.1%
Grand Theft Auto IVGerald McReary
28.9%
Grand Theft Auto IIIKenji Kasen
28.4%
Grand Theft Auto IIIAsuka Kasen
28.1%
Grand Theft Auto: Vice CityAvery Carrington
26.7%
Grand Theft Auto AdvanceMike
26.5%
Grand Theft Auto 2Billy Bob Bean
25.2%
Grand Theft Auto: San AndreasMike Toreno
24.9%
Grand Theft Auto: Chinatown WarsWu Lee
24.1%
Grand Theft Auto: Vice CityCandy Suxxx
24%
Grand Theft Auto IVPhil Bell
23.7%
Grand Theft Auto: Vice CityCoronel Cortez
23.6%
Grand Theft Auto IVJohnny Klebitz
23.6%
Grand Theft Auto: The Lost and DamnedBilly Grey
22.3%
Grand Theft Auto: Liberty City StoriesLeon McAffrey
22%
Grand Theft Auto IVPlayboy X
22%
Grand Theft Auto IVMikhail Faustin
21.8%
Grand Theft Auto: Vice CityMercedes
21.8%
Grand Theft Auto IVMallorie Bardas
21.5%
GTA character % Correct
Grand Theft Auto: San AndreasMadd Dogg
21.3%
Grand Theft Auto IVJon Gravelli
21.1%
Grand Theft Auto 2Candy
21%
Grand Theft Auto: Vice City StoriesArmando Mendez
20.4%
Grand Theft Auto IIIMiguel
20.2%
Grand Theft Auto: San AndreasJizzy
19.5%
Grand Theft Auto: San AndreasZero
18.8%
Grand Theft Auto IVElizabeta Torres
18.7%
Grand Theft Auto: Vice CityLove Fist
18.5%
Grand Theft AutoEl Burro
18.2%
Grand Theft Auto: Vice CitySteve Scott
18%
Grand Theft Auto: San AndreasT Bone Méndez
17.3%
Grand Theft Auto: Vice CityUmberto Robina
16.3%
Grand Theft Auto: The Lost and DamnedAngus Martin
15.8%
Grand Theft Auto: The Ballad of Gay TonyArmando Torres
15.6%
Grand Theft Auto IVManny Escuela
15.3%
Grand Theft Auto: Vice City StoriesDiego Mendez
15%
Grand Theft Auto IIIMisty
14.8%
Grand Theft Auto: Liberty City StoriesFranco Forelli
14.4%
Grand Theft Auto: Vice City StoriesMarty Jay Williams
14.3%
Grand Theft Auto IVRay Boccino
14.3%
Grand Theft Auto: Chinatown WarsHuang Lee
14.3%
Grand Theft Auto IVVladimir Glebov
14.1%
Grand Theft Auto: The Lost and DamnedClay Simons
14%
Grand Theft Auto IVRay Bulgarin
13.5%
Grand Theft Auto AdvanceKing Courtney
13.5%
Grand Theft Auto: Vice CityMitch Baker
13.2%
Grand Theft Auto: The Ballad of Gay TonyMori Kibbutz
13.2%
Grand Theft Auto: The Lost and DamnedTerry Thorpe
12.8%
Grand Theft Auto: The Lost and DamnedBrian Jeremy
12.5%
Grand Theft Auto IVDwayne Forge
12.1%
Grand Theft Auto: Vice CityAuntie Poulet
11.5%
Grand Theft Auto: The Lost and DamnedAshley Butler
11.5%
Grand Theft Auto: The Ballad of Gay TonyHenrique Bardas
11.2%
Grand Theft Auto IVBernie Crane
11%
Grand Theft Auto: Vice City StoriesGonzález
10.8%
Grand Theft Auto: Liberty City StoriesVincenzo Cilli
10.6%
Grand Theft Auto: Vice City StoriesSargento Martinez
10.5%
Grand Theft Auto: Liberty City StoriesPaulie Sindacco
10.4%
Grand Theft Auto: The Ballad of Gay TonyYusuf Amir
10.2%
Grand Theft Auto: The Ballad of Gay TonyVincenzo Pelosi
10.1%
Grand Theft Auto: The Ballad of Gay TonyRocco Pelosi
10.1%
Grand Theft Auto: Liberty City StoriesToshiko Kasen
9.6%
Grand Theft Auto: The Lost and DamnedEd McCornish
9.1%
Grand Theft Auto: Liberty City StoriesKazuki Kasen
8.9%
Grand Theft Auto: Vice City StoriesLouise Cassidy-Williams
8.9%
Grand Theft AutoBubba
8.8%
Grand Theft Auto: The Ballad of Gay TonyGracie Ancelotti
8.6%
Grand Theft Auto: Vice CityJethro
8.6%
Grand Theft Auto: The Lost and DamnedThomas Stubbs III
8.2%
Grand Theft Auto: The Lost and DamnedJason Michaels
7.9%
Grand Theft Auto AdvanceYuka Kasen
7.9%
Grand Theft Auto: Liberty City StoriesJD O'Toole
7.8%
Grand Theft Auto: Vice City StoriesPhil Collins
7.8%
Grand Theft AutoKatie
7.3%
Grand Theft Auto 2Eddie
6.7%
Grand Theft Auto: LondonMick Casey
6.6%
Grand Theft Auto: Liberty City StoriesDan Sucho
6.2%
Grand Theft Auto: LondonCharles Jones
5.8%
Grand Theft AutoTravis
5.6%
Grand Theft Auto: Vice City StoriesReni Wassulmaier
5.6%
GTA character % Correct
Grand Theft Auto: Liberty City StoriesMassimo Torini
5.4%
Grand Theft AutoTroy
5.1%
Grand Theft AutoUncle Fu
5.1%
Grand Theft Auto: Chinatown WarsChan Jaoming
4.7%
Grand Theft Auto AdvanceVinnie
4.7%
Grand Theft Auto: Vice CityRico
4.7%
Grand Theft Auto: Liberty City StoriesNed Burner
4.5%
Grand Theft Auto IVIvan Bytchkov
4.5%
Grand Theft Auto: Vice City StoriesBryan Forbes
4.2%
Grand Theft Auto: The Lost and DamnedDavid Grossman
4.2%
Grand Theft AutoKivlov
4%
Grand Theft Auto: The Ballad of Gay TonyEvan Moss
4%
Grand Theft AutoBubby
3.9%
Grand Theft AutoMikki
3.8%
Grand Theft Auto: Liberty City StoriesGiovanni Casa
3.6%
Grand Theft AutoDivine
3.5%
Grand Theft AutoMarcus
3.5%
Grand Theft AutoSamuel Deever
3.5%
Grand Theft Auto 2Trey Welsh
3.5%
Grand Theft AutoUlrika
3.4%
Grand Theft AutoKelly
3.2%
Grand Theft Auto: Liberty City StoriesJane Hopper
3.2%
Grand Theft Auto: Chinatown WarsHsin Jaoming
3.1%
Grand Theft Auto: Liberty City StoriesMiles O'Donovan
3%
Grand Theft Auto: LondonWinston Henry
3%
Grand Theft Auto: LondonSid Vacant
3%
Grand Theft Auto 2Dr. LaBrat
2.9%
Grand Theft Auto 2Elmo
2.9%
Grand Theft Auto 2Jerkov
2.7%
Grand Theft Auto 2Red Valdez
2.7%
Grand Theft Auto: The Lost and DamnedMalc
2.7%
Grand Theft Auto: The Ballad of Gay TonyAbdul Amir
2.7%
Grand Theft Auto: Chinatown WarsZhou Ming
2.6%
Grand Theft Auto: The Ballad of Gay TonyTimur
2.6%
Grand Theft Auto 2Johnny Zoo
2.5%
Grand Theft Auto: Chinatown WarsLester Leroc
2.2%
Grand Theft Auto 2Sunbeam
2.1%
Grand Theft Auto: Chinatown WarsWade Heston
2.1%
Grand Theft Auto: Chinatown WarsLing Shan
2.1%
Grand Theft Auto 2Uno Carb
1.9%
Grand Theft Auto: The Ballad of Gay TonyAdriana Yanira López
1.9%
Grand Theft Auto: LondonMaurice Caine
1.9%
Grand Theft Auto: LondonRodney Morash
1.7%
Grand Theft Auto: The Lost and DamnedMarta
1.6%
Grand Theft Auto: The Lost and DamnedDeSean
1.6%
Grand Theft Auto: Chinatown WarsXin Shan
1.6%
Grand Theft Auto AdvanceCisco
1.6%
Grand Theft Auto: The Ballad of Gay TonyMr. Santo
1.4%
Grand Theft Auto AdvanceJonnie
1.3%
Grand Theft Auto: Chinatown WarsMelanie Mallard
1.2%
Grand Theft Auto 2Paulo
1%
Grand Theft Auto: LondonWolfie Vilans
0.9%
Grand Theft Auto 2Ruben
0.8%
Grand Theft Auto 2Gretchen
0.8%
Grand Theft Auto: Chinatown WarsRudy D'Avanzo
0.8%
Grand Theft Auto 2Calligari
0.6%
Grand Theft Auto: The Lost and DamnedJimmy Matthews
0.6%
Grand Theft Auto: The Lost and DamnedPretty Boy
0.5%
Grand Theft Auto: Chinatown WarsJimmy Capra
0.5%
Grand Theft Auto: The Ballad of Gay TonyFrickie Van Hardenburg
0.5%

You're not logged in!

Compare scores with friends on all Sporcle quizzes.
Join for Free
OR
Log In

You Might Also Like...

Show Comments

Extras

Top Quizzes Today


Score Distribution

Your Account Isn't Verified!

In order to create a playlist on Sporcle, you need to verify the email address you used during registration. Go to your Sporcle Settings to finish the process.

Report this User

Report this user for behavior that violates our Community Guidelines.

Details: